Visualizzazione normale
Vista MARC
- Dutkiewicz M.
di Personal Name
Records bibliografici associati: 1
001 - CONTROL NUMBER
- control field: 25043
003 - CONTROL NUMBER IDENTIFIER
- control field: IT-RoPau
005 - DATE AND TIME OF LATEST TRANSACTION
- control field: 20140514170459.0
008 - FIXED-LENGTH DATA ELEMENTS
- fixed length control field: 140514|| aca||aabn | a|a d
040 ## - CATALOGING SOURCE
- Original cataloging agency: IT-RoPau
- Transcribing agency: IT-RoPau
100 ## - HEADING--PERSONAL NAME
- Personal name: Dutkiewicz M.
- Relator term: Autore testo/musica
- Miscellaneous information: Codice autore testo/musica SPICS: 25181
- Name of part/section of a work: Dla Ciebie Staczam Sie - Wielki Wyscig
670 ## - SOURCE DATA FOUND
- Source citation: Work cat.: (IT-RoPau)102914: Kniat R. 25037, Klincz Urszula "Jak Lodu Bryla" (Lp Plp 0068)